NBA All-time Scorers - Statistics

General Stats
  • This quiz has been taken 41 times
  • The average score is 13 of 25
Answer Stats
Hint Answer % Correct
1 LeBron James
97%
5 Michael Jordan
91%
4 Kobe Bryant
85%
3 Karl Malone
82%
12 Moses Malone
82%
8 Kevin Durant
76%
7 Wilt Chamberlain
64%
11 James Harden
61%
10 Carmelo Anthony
58%
2 Kareem Abdul
58%
14 Hakeem Olajuwon
52%
9 Shaq
48%
19 John Havlicek
45%
17 Tim Duncan
45%
6 Dirk Nowitski
42%
21 Kevin Garnett
42%
20 Russell Westbrook
42%
16 Dominique Wilkins
39%
13 Elvin Hayes
33%
15 Oscar Robertson
33%
18 Paul Pierce
33%
22 Vince carter
30%
25 DeMar DeRozan
27%
23 Alex English
15%
24 Steph Curry
9%
No matching quizzes found
Score Distribution
Percent of People with Each Score
Percentile by Number Answered
Your Score History
You have not taken this quiz